| 000 | 00774cam a22002411 4500 | ||
|---|---|---|---|
| 001 | 11552 | ||
| 003 | BD-RjUL | ||
| 005 | 20211208235138.0 | ||
| 008 | 140127s1954 mau b 001 0 eng d | ||
| 035 | _a(BD-RjUL)11601 | ||
| 040 |
_aDLC _cDLC _dDLC _d(BD-RjUL) _beng |
||
| 041 | _aeng | ||
| 082 | 0 | 0 |
_a340.1 _bHOL 1954 |
| 100 | 1 |
_aHoebel, E. Adamson _q(Edward Adamson), _d1906-1993. _935737 |
|
| 245 | 1 | 4 |
_aThe law of primitive man : _ba study in comparative legal dynamics / _cby E. Adamson Hoebel, |
| 260 |
_aCambridge : _bHarvard University Press, _cc1954. |
||
| 300 |
_aviii, 357 p. ; _c22 cm. |
||
| 504 | _aIncludes Index and Bibliography: p. [335]-349. | ||
| 650 | 0 |
_aLaw, Primitive. _935738 |
|
| 942 |
_2ddc _cBK |
||
| 999 |
_c11552 _d11552 |
||